Movies Quiz

Random Movies or Disney Quiz

Disney Voice Actors By Role(s) Quiz Stats

 Plays Quiz not verified by Sporcle

Score 0/20 Timer 07:00
0 Plays Today
Role(s) Actor % Correct
GenieRobin Williams
91.5%
Buzz LightyearTim Allen
88.5%
MufasaJames Earl Jones
84.9%
BoltJohn Travolta
83%
DoryEllen DeGeneres
76.2%
Simba (Adult)Matthew Broderick
72.9%
EsmereldaDemi Moore
71.2%
Giselle (animated/live action)Amy Adams
70.4%
Simba (Young)Johnathan Taylor Thomas
65.5%
HadesJames Woods
64.7%
Role(s) Actor % Correct
FrozoneSamuel L. Jackson
60.8%
ZazuRowan Atkinson
56.4%
Chicken LittleZach Braff
55.1%
IagoGilbert Gottfried
54%
Hamm the Piggy BankJohn Ratzenberger
51.8%
Mr. IncredibleCraig T. Nelson
51.5%
Carl FredricksenEd Asner
51.2%
AladdinScott Weinger
39.5%
LumiereJerry Orbach
37.8%
OliverJoey Lawrence
31.8%

You're not logged in!

Compare scores with friends on all Sporcle quizzes.
OR
Log In

Sporcle TV

Today on Sporcle TV


Watch our educational content, quiz creation guides, and fun videos on Sporcle TV.

Show Comments

Extras

Top Quizzes Today


Score Distribution

Your Account Isn't Verified!

In order to create a playlist on Sporcle, you need to verify the email address you used during registration. Go to your Sporcle Settings to finish the process.

Report this User

Report this user for behavior that violates our Community Guidelines.

Details: